Gregory Alan Isakov Discography - Statistics

General Stats
  • This quiz has been taken 59 times
  • The average score is 55 of 88
Answer Stats
Album Song % Correct
symphony Amsterdam
100%
The Weatherman Amsterdam
100%
Appaloosa Bones Appaloosa Bones
100%
symphony The Stable Song
100%
That Sea, The Gambler The Stable Song
100%
symphony Big Black Car
92%
This Empty Northern Hemisphere Big Black Car
92%
This Empty Northern Hemisphere Evelyn
92%
This Empty Northern Hemisphere Idaho
83%
The Weatherman Living Proof
83%
symphony Living Proof
83%
The Weatherman O'City Lights
83%
Songs for October Salt and the Sea
83%
That Sea, The Gambler Salt and the Sea
83%
Evening Machines San Luis
83%
Appaloosa Bones Sweet Heat Lightning
83%
That Sea, The Gambler That Sea, The Gambler
83%
symphony That Sea, The Gambler
83%
This Empty Northern Hemisphere This Empty Northern Hemisphere
83%
Evening Machines Wings In All Black
83%
That Sea, The Gambler 3 A.M.
75%
The Weatherman All Shades Of Blue
75%
symphony Dandelion Wine
75%
This Empty Northern Hemisphere Dandelion Wine
75%
The Weatherman Saint Valentine
75%
symphony Saint Valentine
75%
This Empty Northern Hemisphere That Moon Song
75%
The Weatherman Time Will Tell
75%
That Sea, The Gambler Unwritable Girl
75%
symphony Unwritable Girl
75%
This Empty Northern Hemisphere Virginia May
75%
Evening Machines Berth
67%
Evening Machines Caves
67%
Evening Machines Dark, Dark, Dark
67%
This Empty Northern Hemisphere Fire Escape
67%
The Weatherman Honey, It's Alright
67%
This Empty Northern Hemisphere If I Go, I'm Goin
67%
symphony If I Go, I'm Goin
67%
That Sea, The Gambler John Brown's Body
67%
This Empty Northern Hemisphere Master & A Hound
67%
symphony Master & A Hound
67%
Appaloosa Bones Miles To Go
67%
Appaloosa Bones Mistakes
67%
This Empty Northern Hemisphere One Of Us Cannot Be Wrong
67%
The Weatherman Second Chances
67%
The Weatherman Suitcase Full Of Sparks
67%
Appaloosa Bones Terlingua
67%
The Weatherman The Universe
67%
Appaloosa Bones Watchmen
67%
The Weatherman Astronaut
58%
Songs for October August Clown
58%
Songs for October Black & Blue
58%
That Sea, The Gambler Black & Blue
58%
Evening Machines Chemicals
58%
Appaloosa Bones Feed Your Horses
58%
Songs for October Garden
58%
symphony Liars
58%
This Empty Northern Hemisphere Light Year
58%
Appaloosa Bones One Day
58%
Evening Machines Powder
58%
The Weatherman She Always Takes It Back
58%
Evening Machines Southern Star
58%
This Empty Northern Hemisphere Words
58%
That Sea, The Gambler All There Is
50%
Appaloosa Bones Before The Sun
50%
Evening Machines Bullet Holes
50%
Songs for October Freeway Searching
50%
Appaloosa Bones Silver Bell
50%
That Sea, The Gambler The Moon Was Red And Dangerous
50%
The Weatherman California Open Back
42%
Songs for October Crooked Muse
42%
That Sea, The Gambler Raising Cain
42%
Songs for October Shining Offa You
42%
Appaloosa Bones The Fall
42%
Evening Machines Too Far Away
42%
Evening Machines Was I Just Another One
42%
Rust Colored Stones February
33%
Evening Machines Where You Gonna Go
33%
Rust Colored Stones 5 O'Clock Shadow
25%
Rust Colored Stones Arms in the Air
25%
Rust Colored Stones Black Hills
25%
Rust Colored Stones Gentle Is You
25%
Rust Colored Stones Morning Lady
25%
Rust Colored Stones Old Friend
25%
Rust Colored Stones Only Ghosts
25%
That Sea, The Gambler San Fransisco
25%
Rust Colored Stones Tin Can Roses
25%
Rust Colored Stones Won't Last Long
25%
No matching quizzes found
Score Distribution
Percent of People with Each Score
Percentile by Number Answered
Your Score History
You have not taken this quiz